00413nam a2200169Ia 4500003000400000005001700004008004100021040000700062041001200069082001700081100001700098245003100115260003700146365001300183650003100196650001600227OSt20251018151837.0210423s1996 xx 000 0 und d cAL aEnglish a361.3 bNAGS aHans Nagpaul aSocial work in urban India aJaipurbRawat Publicationsc1996 b325cINR aSocial Problems & Services aSocial Work